[Event "Santa Fe Litoral op 2nd"]
[Site "Santa Fe"]
[Date "2022.11.12"]
[Round "4"]
[White "Bernardo, Ismael"]
[Black "Pesuto, Nicolas"]
[Result "1/2-1/2"]
[WhiteElo "1616"]
[BlackElo "1956"]
[PlyCount "93"]
[EventDate "2022.11.10"]
[EventType "swiss"]
[EventRounds "7"]
[EventCountry "ARG"]
[SourceTitle "CBM 211 Extra"]
[Source "ChessBase"]
[SourceDate "2023.01.31"]
[SourceVersion "1"]
[SourceVersionDate "2023.01.31"]
[SourceQuality "1"]

1. Nf3 c5 2. g3 Nc6 3. Bg2 g6 4. d4 cxd4 5. Nxd4 Bg7 6. c3 Nf6 7. 0-0 0-0 8. Re1 Qc7 9. Bg5 a6 10. Qa4 Rb8 11. Nd2 h6 12. Bxf6 Bxf6 13. Ne4 Bg7 14. Qd1 Nxd4 15. cxd4 Qb6 16. e3 Qxb2 17. a4 Qb6 18. a5 Qd8 19. h4 d6 20. Nc3 e6 21. h5 g5 22. f4 b5 23. axb6 Rxb6 24. Ra5 gxf4 25. gxf4 Qh4 26. Na4 Rb4 27. Qd2 Rb5 28. Rc1 Qxh5 29. Rxb5 Qxb5 30. Bc6 Qh5 31. Qg2 Kh8 32. Kf2 Qg6 33. Qxg6 fxg6 34. Nb6 g5 35. Bg2 gxf4 36. Nxc8 fxe3+ 37. Kxe3 Bf6 38. Rc6 Bg5+ 39. Kd3 d5 40. Nd6 Rf2 41. Rc2 Rxc2 42. Kxc2 Kg7 43. Bf1 a5 44. Nb7 Kf6 45. Nxa5 e5 46. dxe5+ Kxe5 47. Kd3 1/2-1/2

[Event "Santa Fe Litoral op 2nd"]
[Site "Santa Fe"]
[Date "2022.11.11"]
[Round "3"]
[White "Pesuto, Nicolas"]
[Black "Acosta, Carlos Rafael"]
[Result "0-1"]
[WhiteElo "1956"]
[BlackElo "1667"]
[PlyCount "98"]
[EventDate "2022.11.10"]
[EventType "swiss"]
[EventRounds "7"]
[EventCountry "ARG"]
[SourceTitle "CBM 211 Extra"]
[Source "ChessBase"]
[SourceDate "2023.01.31"]
[SourceVersion "1"]
[SourceVersionDate "2023.01.31"]
[SourceQuality "1"]

1. d4 d5 2. c4 c6 3. cxd5 cxd5 4. Nc3 Nf6 5. Bf4 Nc6 6. e3 a6 7. Bd3 Bg4 8. f3 Bh5 9. Nge2 e6 10. 0-0 Bd6 11. Bxd6 Qxd6 12. Nf4 Bg6 13. Rc1 b5 14. a4 Nxd4 15. axb5 Bxd3 16. Qxd3 Nb3 17. Ncxd5 Nxd5 18. Qxb3 Nxf4 19. exf4 Qb6+ 20. Kh1 0-0 21. Rc6 Qxb5 22. Qxb5 axb5 23. Rc5 Rfb8 24. Rd1 h6 25. Kg1 Ra4 26. g3 Rb4 27. Rd2 Ra8 28. Kf2 Ra2 29. Rc8+ Kh7 30. Rcc2 Rb3 31. g4 Ra1 32. h3 Rh1 33. Kg2 Re1 34. Rc3 Rxc3 35. bxc3 Rc1 36. Rd3 Rc2+ 37. Kf1 Rh2 38. Re3 Rc2 39. Ke1 Kg6 40. Kd1 Rh2 41. h4 Rxh4 42. Kc2 h5 43. gxh5+ Rxh5 44. Kb3 Rd5 45. Kb4 Kf5 46. Re4 g6 47. Kb3 f6 48. Kb4 Rd3 49. Kxb5 Rxc3 0-1

[Event "Parana Dos Orillas op"]
[Site "Parana"]
[Date "2022.10.02"]
[Round "5"]
[White "Pesuto, Nicolas"]
[Black "Sobrero, Jose Luis"]
[Result "1-0"]
[WhiteElo "1945"]
[BlackElo "1800"]
[PlyCount "75"]
[EventDate "2022.09.30"]
[EventType "swiss"]
[EventRounds "6"]
[EventCountry "ARG"]
[SourceTitle "EXT 2023"]
[Source "ChessBase"]
[SourceDate "2022.10.05"]
[SourceVersion "1"]
[SourceVersionDate "2022.10.05"]
[SourceQuality "1"]

1. d4 Nf6 2. c4 c5 3. d5 e6 4. Nc3 exd5 5. cxd5 d6 6. e4 g6 7. f4 Bg7 8. Bb5+ Nfd7 9. Bd3 0-0 10. Nf3 a6 11. a4 Qc7 12. 0-0 Nf6 13. h3 Nbd7 14. Re1 c4 15. Bc2 Re8 16. Be3 Rb8 17. Rc1 b5 18. axb5 axb5 19. Nd4 Ba6 20. Nc6 b4 21. Nxb8 Qxb8 22. Ne2 Nxe4 23. Nd4 Bb7 24. Ba4 Nec5 25. Bc6 Nd3 26. Rxc4 Nxb2 27. Qc1 Nxc4 28. Qxc4 Ba6 29. Qc1 Rc8 30. Qb1 Nc5 31. Nb3 Nd3 32. Rd1 Nb2 33. Rc1 Bd3 34. Qa2 Be4 35. Re1 Bc3 36. Ba7 Qxa7+ 37. Qxa7 Bxe1 38. Qe3 1-0

[Event "Santa Fe U2000 op 2nd"]
[Site "Santa Fe"]
[Date "2018.03.24"]
[Round "2.2"]
[White "Fernandez, Gaston David"]
[Black "Pesuto, Nicolas"]
[Result "0-1"]
[WhiteElo "1707"]
[BlackElo "1931"]
[PlyCount "76"]
[EventDate "2018.03.23"]
[EventType "swiss"]
[EventRounds "6"]
[EventCountry "ARG"]
[SourceTitle "EXT 2024"]
[Source "ChessBase"]
[SourceDate "2023.10.10"]
[SourceVersion "1"]
[SourceVersionDate "2023.10.10"]
[SourceQuality "1"]

1. e4 c5 2. Nc3 Nc6 3. f4 g6 4. Bc4 Bg7 5. Nf3 a6 6. a4 d6 7. d3 Nh6 8. 0-0 Rb8 9. Qe1 0-0 10. Qh4 e5 11. Qg3 Kh8 12. fxe5 dxe5 13. Nd5 Ng8 14. Ng5 f6 15. Nf3 Nd4 16. Nxd4 cxd4 17. a5 Be6 18. Nb6 Bxc4 19. Nxc4 Ne7 20. Qh3 Qc8 21. Qh4 Qe6 22. Ra3 Rf7 23. Rb3 Nc6 24. Bh6 Rbf8 25. Bxg7+ Kxg7 26. g4 h5 27. gxh5 Rh8 28. Rf3 Rxh5 29. Qf2 Rg5+ 30. Rg3 Rxg3+ 31. Qxg3 f5 32. exf5 Qxf5 33. Qg2 Qf4 34. Qe2 Rf5 35. Rxb7+ Kg8 36. Kh1 Qc1+ 37. Kg2 Rg5+ 38. Kh3 Qf4 0-1

[Event "Entrerriano-ch"]
[Site "Argentina"]
[Date "2017.09.24"]
[Round "5"]
[White "Ayala, Marcelo"]
[Black "Pesuto, Nicolas"]
[Result "1-0"]
[WhiteElo "2129"]
[BlackElo "1876"]
[PlyCount "131"]
[EventDate "2017.09.22"]
[EventType "swiss"]
[EventRounds "6"]
[EventCountry "ARG"]
[SourceTitle "CBM 180 Extra"]
[Source "ChessBase"]
[SourceDate "2017.10.06"]
[SourceVersion "1"]
[SourceVersionDate "2017.10.06"]
[SourceQuality "1"]

1. e4 c5 2. b3 Nc6 3. Bb2 d6 4. Nc3 e5 5. Bc4 g6 6. Nge2 Bg7 7. 0-0 Nge7 8. f4 0-0 9. Nd5 Nd4 10. Nxd4 exd4 11. Qf3 Be6 12. Nxe7+ Qxe7 13. Bd3 f5 14. Rae1 Qd7 15. exf5 Bxf5 16. c3 dxc3 17. Bxc3 d5 18. Bxg7 Kxg7 19. Re5 Rad8 20. Rfe1 Rf7 21. Bxf5 gxf5 22. Qc3 d4 23. Qxc5 b6 24. Qb4 d3 25. Re7 Qd4+ 26. Qxd4+ Rxd4 27. g3 Rd6 28. Rxf7+ Kxf7 29. Re5 Kf6 30. Kf2 Rc6 31. Rd5 Rc2 32. Rxd3 Rxa2 33. Ke3 Ke6 34. Kd4 Kd6 35. Kc3+ Ke6 36. Rd8 Kf6 37. Rd7 h5 38. h4 Ra1 39. Rd8 Rc1+ 40. Kb4 Rg1 41. Rg8 Rd1 42. Rd8 Rg1 43. Rd3 Ke6 44. Re3+ Kd6 45. Re5 Rxg3 46. Rxf5 Rg4 47. Rxh5 Rxf4+ 48. Kc3 a5 49. d4 Rf3+ 50. Kc4 Rh3 51. Rh6+ Kc7 52. h5 Rh4 53. Kd5 b5 54. Kc5 a4 55. Rh7+ Kd8 56. bxa4 bxa4 57. d5 a3 58. Kc6 a2 59. Rh8+ Ke7 60. d6+ Ke6 61. Re8+ Kf7 62. Ra8 Rxh5 63. Rxa2 Rh1 64. Rf2+ Ke8 65. d7+ Ke7 66. Re2+ 1-0

[Event "Entrerriano-ch"]
[Site "Argentina"]
[Date "2017.09.22"]
[Round "1"]
[White "Martinez, Santiago Dario"]
[Black "Pesuto, Nicolas"]
[Result "0-1"]
[WhiteElo "1599"]
[BlackElo "1876"]
[PlyCount "60"]
[EventDate "2017.09.22"]
[EventType "swiss"]
[EventRounds "6"]
[EventCountry "ARG"]
[SourceTitle "CBM 180 Extra"]
[Source "ChessBase"]
[SourceDate "2017.10.06"]
[SourceVersion "1"]
[SourceVersionDate "2017.10.06"]
[SourceQuality "1"]

1. e4 c5 2. Nf3 g6 3. d4 cxd4 4. Nxd4 Nc6 5. Be3 Bg7 6. Be2 d6 7. Nc3 Nf6 8. Qd2 0-0 9. f3 d5 10. Nxc6 bxc6 11. 0-0-0 Qa5 12. Kb1 dxe4 13. Nxe4 Qc7 14. Nxf6+ Bxf6 15. Bc4 c5 16. c3 Bf5+ 17. Ka1 Rab8 18. g4 Rfd8 19. Qf2 Bd7 20. h4 Qa5 21. Qc2 Rb7 22. Bd2 Ba4 23. b3 Rxd2 24. Rxd2 Bxc3+ 25. Kb1 Bxd2 26. Rd1 Bf4 27. Qe4 Qc7 28. h5 Bc6 29. Qd3 Kg7 30. hxg6 hxg6 0-1

[Event "Parana Coronel Memorial"]
[Site "Parana"]
[Date "2017.08.20"]
[Round "6"]
[White "Vazquez, Sebastian"]
[Black "Pesuto, Nicolas"]
[Result "0-1"]
[WhiteElo "1837"]
[BlackElo "1831"]
[PlyCount "92"]
[EventDate "2017.08.18"]
[EventType "swiss"]
[EventRounds "6"]
[EventCountry "ARG"]
[SourceTitle "CBM 187 Extra"]
[Source "ChessBase"]
[SourceDate "2018.11.04"]
[SourceVersion "1"]
[SourceVersionDate "2018.11.04"]
[SourceQuality "1"]

1. c4 e5 2. g3 c5 3. Bg2 Nc6 4. Nc3 g6 5. a3 Bg7 6. e3 d6 7. Nge2 Be6 8. d3 Nge7 9. 0-0 0-0 10. Rb1 a5 11. b3 f5 12. Nd5 h6 13. Nec3 Rb8 14. Bd2 g5 15. Qe1 b6 16. b4 axb4 17. axb4 Qd7 18. Nb5 Bxd5 19. cxd5 Nxb4 20. Na3 Nbxd5 21. Qc1 Nc7 22. f4 exf4 23. exf4 g4 24. Nc2 d5 25. Be3 Qd6 26. Na3 Nc6 27. d4 Bxd4 28. Nb5 Nxb5 29. Rxb5 Bxe3+ 30. Qxe3 Nd4 31. Rb2 Rfe8 32. Qd3 Re7 33. Rfb1 b5 34. Rxb5 Rxb5 35. Rxb5 Nxb5 36. Qxb5 Rd7 37. Qb1 Qe6 38. h3 h5 39. Qa1 d4 40. Qa4 d3 41. Bc6 Rd8 42. Qa5 Qe3+ 43. Kh2 Qd4 44. Qa2+ c4 45. Bb5 d2 46. Bxc4+ Kg7 0-1

[Event "Buenos Aires-ch U20"]
[Site "Buenos Aires"]
[Date "2015.04.05"]
[Round "8"]
[White "Arias, Juan Cruz"]
[Black "Pesuto, Nicolas"]
[Result "1/2-1/2"]
[WhiteElo "2062"]
[BlackElo "1813"]
[PlyCount "35"]
[EventDate "2015.04.02"]
[EventType "swiss"]
[EventRounds "8"]
[EventCountry "ARG"]
[SourceTitle "CBM 165 Extra"]
[Source "ChessBase"]
[SourceDate "2015.04.21"]
[SourceVersion "1"]
[SourceVersionDate "2015.04.21"]
[SourceQuality "1"]

1. e4 e5 2. Nc3 Nf6 3. f4 d5 4. fxe5 Nxe4 5. Qf3 Nxc3 6. dxc3 Be6 7. Bf4 Nd7 8. 0-0-0 c6 9. Qg3 Qa5 10. a3 Nc5 11. Bd3 Na4 12. b4 Qb6 13. Kd2 c5 14. bxc5 Qa5 15. Ne2 Bxc5 16. Rb1 0-0-0 17. Rb5 Qc7 18. Rhb1 1/2-1/2

[Event "Buenos Aires-ch U20"]
[Site "Buenos Aires"]
[Date "2015.04.03"]
[Round "3"]
[White "Pesuto, Nicolas"]
[Black "Besso, Guadalupe"]
[Result "0-1"]
[WhiteElo "1813"]
[BlackElo "1986"]
[PlyCount "100"]
[EventDate "2015.04.02"]
[EventType "swiss"]
[EventRounds "8"]
[EventCountry "ARG"]
[SourceTitle "CBM 165 Extra"]
[Source "ChessBase"]
[SourceDate "2015.04.21"]
[SourceVersion "1"]
[SourceVersionDate "2015.04.21"]
[SourceQuality "1"]

1. e4 c5 2. c4 Nc6 3. Nc3 d6 4. g3 g6 5. Bg2 Bg7 6. d3 e5 7. Nge2 Nge7 8. 0-0 0-0 9. Be3 Bd7 10. a3 a5 11. Nd5 Nxd5 12. cxd5 Nd4 13. h3 b5 14. f4 Qb6 15. fxe5 dxe5 16. Rc1 b4 17. Nxd4 cxd4 18. Bd2 bxa3 19. bxa3 Bb5 20. Be1 Qa6 21. Rf3 Bh6 22. Bd2 Bxd2 23. Qxd2 Rfc8 24. Bf1 Rxc1 25. Qxc1 Rc8 26. Qg5 Qd6 27. Rf6 Qxa3 28. Qxe5 Qc5 29. Qf4 Be8 30. d6 Qc1 31. Qe5 Qe3+ 32. Kh1 a4 33. Qe7 Qg5 34. Rxf7 Qxe7 35. Rxe7 a3 36. Ra7 Rc1 37. Kg2 Rc2+ 38. Kf3 a2 39. Be2 Kf8 40. Ra5 Kg7 41. Ra6 Bc6 42. g4 Kf6 43. Ra7 Ke5 44. g5 Kxd6 45. Ra5 Bb5 46. Ra7 Rd2 47. h4 Bxd3 48. Bxd3 Rxd3+ 49. Ke2 Rh3 50. Kf2 Rh1 0-1

[Event "Buenos Aires-ch U20"]
[Site "Buenos Aires"]
[Date "2015.04.02"]
[Round "1"]
[White "Pesuto, Nicolas"]
[Black "Munoz, Francisco Javier"]
[Result "0-1"]
[WhiteElo "1813"]
[BlackElo "2307"]
[PlyCount "91"]
[EventDate "2015.04.02"]
[EventType "swiss"]
[EventRounds "8"]
[EventCountry "ARG"]
[SourceTitle "CBM 165 Extra"]
[Source "ChessBase"]
[SourceDate "2015.04.21"]
[SourceVersion "1"]
[SourceVersionDate "2015.04.21"]
[SourceQuality "1"]

1. e4 c5 2. c4 Nc6 3. Nc3 d6 4. g3 g6 5. Bg2 Bg7 6. Nge2 e6 7. 0-0 Nge7 8. d3 0-0 9. Be3 Nd4 10. Qd2 Nec6 11. Bh6 Ne5 12. Nxd4 Bxh6 13. Qxh6 cxd4 14. Nb5 Qb6 15. Qd2 a6 16. Na3 Bd7 17. h3 f6 18. f4 Nc6 19. Rf2 Kg7 20. g4 Qb4 21. Bf1 f5 22. exf5 gxf5 23. g5 Rae8 24. Qd1 e5 25. Nc2 Qb6 26. fxe5 dxe5 27. b4 Ne7 28. Bg2 Ng6 29. Qd2 Nh4 30. Re1 f4 31. Be4 Kh8 32. Qe2 Re7 33. Qh5 Nf5 34. Rg2 Ng3 35. Qf3 Nxe4 36. dxe4 Qe6 37. Qd3 f3 38. Rh2 Rg7 39. h4 Rgf7 40. Kf2 Rc8 41. Na3 Qg4 42. Qd2 Be6 43. Rg1 Qf4 44. Qxf4 Rxf4 45. Rc1 Rxe4 46. Rhh1 0-1

[Event "Buenos Aires Duchamp Memorial op 5th"]
[Site "Buenos Aires"]
[Date "2013.03.24"]
[Round "1"]
[White "Pesuto, Nicolas"]
[Black "Anino, Sergio"]
[Result "1/2-1/2"]
[WhiteElo "1765"]
[BlackElo "2195"]
[PlyCount "89"]
[EventDate "2013.03.23"]
[EventType "swiss"]
[EventRounds "8"]
[EventCountry "ARG"]
[SourceTitle "CBM 153 Extra"]
[Source "ChessBase"]
[SourceDate "2013.04.22"]
[SourceVersion "1"]
[SourceVersionDate "2013.04.22"]
[SourceQuality "1"]

1. e4 e5 2. Nf3 Nc6 3. Bc4 Bc5 4. d3 Nf6 5. Bg5 h6 6. Be3 Bb6 7. Nc3 d6 8. h3 Na5 9. Nd2 Bxe3 10. fxe3 Nxc4 11. Nxc4 Be6 12. Nd2 d5 13. 0-0 c6 14. Qf3 d4 15. Ne2 dxe3 16. Qxe3 Qb6 17. Qxb6 axb6 18. Ng3 Nd7 19. Nf5 0-0 20. a3 Kh7 21. Rf3 Nc5 22. Kh2 Rfd8 23. g4 b5 24. Raf1 Na4 25. Rb1 c5 26. Nf1 c4 27. dxc4 bxc4 28. Kg3 Ra6 29. Re3 g6 30. Nh4 Rb6 31. b3 cxb3 32. cxb3 Rc8 33. Nf3 Nc3 34. Ra1 f6 35. b4 Rd6 36. N1d2 b5 37. h4 g5 38. hxg5 hxg5 39. Rh1+ Kg7 40. Nb1 Na4 41. Nfd2 Rc2 42. Nb3 Nb6 43. Nc5 Bf7 44. Rf1 Nc4 45. Ref3 1/2-1/2

[Event "Latin Cup"]
[Site "Montevideo"]
[Date "2011.11.05"]
[Round "7"]
[White "Pesuto, Nicolas"]
[Black "Pintos, Luis"]
[Result "1-0"]
[WhiteElo "1755"]
[BlackElo "1567"]
[PlyCount "107"]
[EventDate "2011.11.01"]
[EventType "swiss"]
[EventRounds "9"]
[EventCountry "URU"]
[SourceTitle "EXT 2012"]
[Source "ChessBase"]
[SourceDate "2011.11.24"]
[SourceVersion "1"]
[SourceVersionDate "2011.11.24"]
[SourceQuality "1"]

1. e4 e5 2. Nf3 Nc6 3. Bc4 d6 4. d3 Be7 5. Be3 Nf6 6. h3 0-0 7. Nbd2 a6 8. Qe2 b5 9. Bb3 Na5 10. 0-0-0 Nxb3+ 11. Nxb3 c5 12. Nh2 d5 13. Bxc5 Bxc5 14. Nxc5 Qb6 15. Nb3 d4 16. f4 exf4 17. Qf2 Rd8 18. Qxf4 Be6 19. Rhf1 a5 20. Kd2 a4 21. Nc1 Rac8 22. c3 dxc3+ 23. bxc3 Qa5 24. Ne2 b4 25. cxb4 Qxb4+ 26. Ke3 Bxa2 27. Qe5 Bb3 28. Ra1 Rc2 29. Nf3 Qb6+ 30. Ned4 Rc6 31. Rfc1 Rxc1 32. Rxc1 Be6 33. Qc5 Qb2 34. Rc2 Qa1 35. Nxe6 fxe6 36. Qc3 Qb1 37. Qb2 Qxb2 38. Rxb2 Nd7 39. Ra2 Nc5 40. d4 Nb3 41. Rxa4 Rb8 42. Ra6 Kf7 43. Ne5+ Kg8 44. Rxe6 h6 45. Rc6 Na5 46. Rc3 Nb7 47. Rb3 g5 48. Nd7 Rc8 49. Rxb7 Rc3+ 50. Kf2 Rc2+ 51. Kg3 Rc3+ 52. Kg4 Rc2 53. Nf6+ Kh8 54. Rh7# 1-0

[Event "Latin Cup"]
[Site "Montevideo"]
[Date "2011.11.04"]
[Round "5"]
[White "Pesuto, Nicolas"]
[Black "Sanguinetti, Luis"]
[Result "0-1"]
[WhiteElo "1755"]
[BlackElo "2138"]
[PlyCount "70"]
[EventDate "2011.11.01"]
[EventType "swiss"]
[EventRounds "9"]
[EventCountry "URU"]
[SourceTitle "EXT 2012"]
[Source "ChessBase"]
[SourceDate "2011.11.24"]
[SourceVersion "1"]
[SourceVersionDate "2011.11.24"]
[SourceQuality "1"]

1. e4 e6 2. d4 d5 3. exd5 exd5 4. Bd3 Nc6 5. c3 Bd6 6. Qf3 Nge7 7. Ne2 Be6 8. Bf4 Ng6 9. Bxd6 Qxd6 10. Qg3 Qe7 11. h4 0-0-0 12. h5 Nf8 13. Qxg7 Nd7 14. Qh6 Rde8 15. Qd2 Rhg8 16. g3 Bg4 17. Na3 Bf3 18. Rh2 Nf6 19. Kf1 Nxh5 20. Ng1 Bg4 21. Be2 Nf6 22. Bxg4+ Rxg4 23. Qe2 Qd7 24. Qd3 Ne4 25. Kg2 Reg8 26. Qf3 Ne7 27. Ne2 Ng6 28. Rah1 Ng5 29. Qd3 Re8 30. Kf1 Rge4 31. f4 Re3 32. Qd1 Ne4 33. Rg2 Qg4 34. Rhg1 Qf3+ 35. Ke1 Nxg3 0-1